| 000 | 00432nam a2200169Ia 4500 | ||
|---|---|---|---|
| 005 | 20251020182600.0 | ||
| 008 | 200515s9999 xx 000 0 und d | ||
| 082 | _aSC/331.85:658.114(05)/036-TC | ||
| 110 | _aOficina Internacional del Trabajo | ||
| 245 | 0 | _aTecnologĂa y las multinacionales del tercer mundo | |
| 260 | _aGinebra | ||
| 260 | _c1984 | ||
| 300 | _a22 | ||
| 650 | _aTECNOLOGIA | ||
| 650 | _aTRABAJO | ||
| 942 | _cLIB | ||
| 999 |
_c3022 _d3022 |
||